Fantastic frogs ! / (Record no. 8409)

MARC details
000 -LEADER
fixed length control field 00951nam a22003017a 4500
001 - CONTROL NUMBER
control field 8409
003 - CONTROL NUMBER IDENTIFIER
control field FISKH
005 - DATE AND TIME OF LATEST TRANSACTION
control field 20250910154409.0
008 - FIXED-LENGTH DATA ELEMENTS--GENERAL INFORMATION
fixed length control field 250910b cb ||||| |||| 00| 0 eng d
020 ## - INTERNATIONAL STANDARD BOOK NUMBER
International Standard Book Number 9780590522694
040 ## - CATALOGING SOURCE
Original cataloging agency FISKH
Language of cataloging eng
Transcribing agency FISKH
Modifying agency FISKH
050 ## - LIBRARY OF CONGRESS CALL NUMBER
Classification number QL668.E2 R535
082 ## - DEWEY DECIMAL CLASSIFICATION NUMBER
Classification number 597.89
100 ## - MAIN ENTRY--PERSONAL NAME
Personal name Robinson, Fay
245 ## - TITLE STATEMENT
Title Fantastic frogs ! /
Statement of responsibility, etc. by Fay Robinson : Illustrated by Jean Cassels
250 ## - EDITION STATEMENT
Edition statement First printing, March 1999
260 ## - PUBLICATION, DISTRIBUTION, ETC.
Place of publication, distribution, etc. New York :
Name of publisher, distributor, etc. Scholastic,
Date of publication, distribution, etc. 1999.
300 ## - PHYSICAL DESCRIPTION
Extent 32 pages :
Other physical details color illustrations ;
Dimensions 23 cm .
490 ## - SERIES STATEMENT
Series statement Scholastic Reader
Volume/sequential designation Level 2
505 ## - FORMATTED CONTENTS NOTE
Formatted contents note J <br/><br/>
520 ## - SUMMARY, ETC.
Summary, etc. Introduces the growth, food, habitats, colors, and shapes of different kinds of frogs.<br/>
521 8# - TARGET AUDIENCE NOTE
Target audience note 430 <br/>
Source Lexile <br/>
521 8# - TARGET AUDIENCE NOTE
Target audience note J <br/><br/>
Source Raz-Plus <br/>
650 ## - SUBJECT ADDED ENTRY--TOPICAL TERM
Topical term or geographic name entry element Reptiles and amphibians
Form subdivision Non-fiction
700 ## - ADDED ENTRY--PERSONAL NAME
Personal name Cassels, Jean
Relator term Illustrator
942 ## - ADDED ENTRY ELEMENTS (KOHA)
Source of classification or shelving scheme Dewey Decimal Classification
Koha item type Books
Suppress in OPAC No
Holdings
Withdrawn status Lost status Source of classification or shelving scheme Damaged status Not for loan Collection Home library Current library Shelving location Date acquired Total Checkouts Full call number Barcode Date last seen Price effective from Koha item type
    Dewey Decimal Classification     Non-Fiction Footprints International School Library Network Toul Tom Poung Campus Footprints International School Library Network Toul Tom Poung Campus TTP Primary Dark Blue Bookshelves 09/10/2025   ROB 597.89 QL668.E2 R535 FIS01624 09/10/2025 09/10/2025 Books